10 Países más grandes por área - Porrazos - Estadísticas

Estadísticas generales
  • Esta prueba ha sido intentada 9.128 veces
  • La puntuación promedio es 8 de 10
Estadísticas de respuestas
Área País % Correcto
17.098.242 Rusia
99%
9.640.821 China
96%
9.526.468 Estados Unidos
96%
9.984.670 Canadá
94%
8.514.877 Brasil
89%
7.692.024 Australia
77%
3.287.590 India
76%
2.780.400 Argentina
61%
2.724.900 Kazajistán
51%
2.381.741 Argelia
39%
No se encontraron pruebas coincidentes
Distribución de puntuación
Porcentaje de gente con cada puntuación
Porcentaje por número respondido
Historial de tus puntuaciones
No has intentado esta prueba.